000
00234nam a2200097Ia 4500
008
170619s9999 xx 000 0 und d
100
_a
Reddy- A.M
245
0
_a
Textbook of Environmental Science & Technology
260
_b
BSP
260
_c
2012
546
_a
ENGLISH
999
_c
21222
_d
21222